[Event "Moscow-ch (Women)"]
[Site "Moscow"]
[Date "2008.03.25"]
[Round "6"]
[White "Zaryvkina, Anastasia"]
[Black "Shumilina, Alexandra"]
[Result "0-1"]
[WhiteElo "2063"]
[BlackElo "2317"]
[PlyCount "70"]
[EventDate "2008.03.20"]
[EventType "swiss"]
[EventRounds "9"]
[EventCountry "RUS"]
[SourceTitle "CBM 123 Extra"]
[Source "ChessBase"]
[SourceDate "2008.05.06"]
[SourceVersion "1"]
[SourceVersionDate "2008.05.06"]
[SourceQuality "1"]

1. e4 c5 2. Nf3 d6 3. d4 cxd4 4. Nxd4 Nf6 5. Nc3 a6 6. Bg5 e6 7. f4 Qb6 8. Nb3 Nbd7 9. Qd2 Be7 10. 0-0-0 Qc7 11. Rg1 b5 12. a3 Bb7 13. Bd3 0-0 14. g4 Rac8 15. Bh4 Nb6 16. Qe2 Rfe8 17. Bf2 Nfd7 18. h4 d5 19. e5 Bxa3 20. Nxb5 Bxb2+ 21. Kxb2 Na4+ 22. Kc1 axb5 23. Be1 Ndc5 24. Na5 Ba6 25. Bb4 Nb6 26. Qf2 Nca4 27. Nb3 Nc4 28. Nd4 Ncb2 29. Rd2 Nxd3+ 30. Rxd3 Qc4 31. Qd2 Nc5 32. Ra3 Ne4 33. Qd3 Qxb4 34. Rxa6 Nc5 35. Qd2 Nxa6 0-1

[Event "Moscow-ch (Women)"]
[Site "Moscow"]
[Date "2008.03.23"]
[Round "4"]
[White "Kalmykova, Anastasia"]
[Black "Shumilina, Alexandra"]
[Result "0-1"]
[WhiteElo "2124"]
[BlackElo "2317"]
[PlyCount "102"]
[EventDate "2008.03.20"]
[EventType "swiss"]
[EventRounds "9"]
[EventCountry "RUS"]
[SourceTitle "CBM 123 Extra"]
[Source "ChessBase"]
[SourceDate "2008.05.06"]
[SourceVersion "1"]
[SourceVersionDate "2008.05.06"]
[SourceQuality "1"]

1. e4 c5 2. Nf3 d6 3. d4 cxd4 4. Nxd4 Nf6 5. Nc3 a6 6. Be2 e5 7. Nb3 Be7 8. 0-0 0-0 9. f4 Nbd7 10. a4 exf4 11. Bxf4 Ne5 12. a5 Be6 13. Nd4 Re8 14. h3 Qc7 15. g4 Rad8 16. g5 Nfd7 17. Nf5 Bf8 18. h4 Nc5 19. b4 Ncd7 20. Nd5 Bxd5 21. exd5 Ng6 22. Bg3 Nde5 23. h5 Ne7 24. Qd2 Nxf5 25. Rxf5 g6 26. Rf2 Bg7 27. Raf1 Re7 28. h6 Bh8 29. Rf4 Rde8 30. c4 Qd8 31. R4f2 Rc7 32. Rc1 f5 33. c5 Nf7 34. Bf4 Re4 35. Rc4 Rce7 36. c6 Rxc4 37. Bxc4 Re4 38. Bd3 Rd4 39. Qe2 Ne5 40. Bc2 Rxb4 41. cxb7 Rxb7 42. Qxa6 Qb8 43. Ba4 Ra7 44. Qb5 Qxb5 45. Bxb5 Rxa5 46. Bf1 Rxd5 47. Ra2 Rd4 48. Ra8+ Kf7 49. Be3 Re4 50. Bf2 Nf3+ 51. Kg2 Nd2 0-1

[Event "Moscow-ch (Women)"]
[Site "Moscow"]
[Date "2008.03.20"]
[Round "1"]
[White "Shumilina, Alexandra"]
[Black "Zarivkina, Victorya"]
[Result "1-0"]
[WhiteElo "2317"]
[BlackElo "2113"]
[PlyCount "41"]
[EventDate "2008.03.20"]
[EventType "swiss"]
[EventRounds "9"]
[EventCountry "RUS"]
[SourceTitle "CBM 123 Extra"]
[Source "ChessBase"]
[SourceDate "2008.05.06"]
[SourceVersion "1"]
[SourceVersionDate "2008.05.06"]
[SourceQuality "1"]

1. e4 g6 2. d4 Bg7 3. Be3 e6 4. Nc3 Ne7 5. h4 h6 6. h5 g5 7. f4 gxf4 8. Bxf4 d6 9. Nf3 Nd7 10. Qd2 e5 11. dxe5 dxe5 12. Be3 c6 13. 0-0-0 Qc7 14. Bc4 Nb6 15. Bb3 Bd7 16. Bc5 Bg4 17. Bd6 Qd7 18. Qf2 Qc8 19. Bxf7+ Kf8 20. Nxe5 Bxe5 21. Be6+ 1-0

[Event "RUS-ch Higher League (Women) 57th"]
[Site "Smolensk"]
[Date "2007.06.09"]
[Round "8"]
[White "Shumilina, Alexandra"]
[Black "Vasilevich, Irina"]
[Result "0-1"]
[WhiteElo "2277"]
[BlackElo "2353"]
[PlyCount "68"]
[EventDate "2007.06.02"]
[EventType "swiss"]
[EventRounds "9"]
[EventCountry "RUS"]
[SourceTitle "EXT 2010"]
[Source "ChessBase"]
[SourceDate "2010.11.25"]
[SourceVersion "1"]
[SourceVersionDate "2010.11.25"]
[SourceQuality "1"]

1. e4 e6 2. d4 d5 3. e5 c5 4. c3 Nc6 5. Nf3 Qb6 6. a3 c4 7. g3 Na5 8. Nbd2 Bd7 9. Bh3 Be7 10. 0-0 h5 11. Ne1 g5 12. a4 0-0-0 13. Nc2 f5 14. f4 h4 15. Bg2 hxg3 16. hxg3 gxf4 17. Rxf4 Nh6 18. Ne3 Rdg8 19. Qe1 Bg5 20. Rf1 Nf7 21. Nf3 Bh6 22. Nd1 Nb3 23. Bxh6 Nxa1 24. Bf4 Bxa4 25. Nh4 Ng5 26. Ne3 Nc2 27. Nxc2 Bxc2 28. Qd2 Nh3+ 29. Bxh3 Rxh4 30. Kh2 Rxh3+ 31. Kxh3 Rh8+ 32. Bh6 Qxb2 33. Qg5 Be4 34. Rg1 Qe2 0-1

[Event "RUS-ch Higher League (Women) 57th"]
[Site "Smolensk"]
[Date "2007.06.08"]
[Round "7"]
[White "Nebolsina, Vera"]
[Black "Shumilina, Alexandra"]
[Result "0-1"]
[WhiteElo "2324"]
[BlackElo "2277"]
[PlyCount "76"]
[EventDate "2007.06.02"]
[EventType "swiss"]
[EventRounds "9"]
[EventCountry "RUS"]
[SourceTitle "EXT 2010"]
[Source "ChessBase"]
[SourceDate "2010.11.25"]
[SourceVersion "1"]
[SourceVersionDate "2010.11.25"]
[SourceQuality "1"]

1. e4 c5 2. Nc3 d6 3. f4 g6 4. Nf3 Nc6 5. Bb5 Bd7 6. 0-0 Bg7 7. d3 e6 8. Bxc6 Bxc6 9. f5 e5 10. Qe1 Qd7 11. a3 f6 12. b4 Ne7 13. Qg3 0-0-0 14. Nd2 Rhg8 15. fxg6 hxg6 16. Nc4 d5 17. exd5 Bxd5 18. Nxd5 Qxd5 19. bxc5 Nf5 20. Qxg6 Qd4+ 21. Kh1 Nh4 22. Qf7 Qxc5 23. Qh5 Rh8 24. Qg4+ Rd7 25. Be3 Qc6 26. Bxa7 f5 27. Qg3 Re7 28. Nb6+ Kd8 29. c4 Bf6 30. Nd5 Rg7 31. Qe3 Kc8 32. g3 f4 33. gxf4 Nf5 34. Qf3 Ng3+ 35. Kg2 e4 36. dxe4 Nxe4+ 37. Kh1 Ng3+ 38. Kg2 Nxf1+ 0-1

[Event "RUS-ch Higher League (Women) 57th"]
[Site "Smolensk"]
[Date "2007.06.06"]
[Round "5"]
[White "Komiagina, Maria"]
[Black "Shumilina, Alexandra"]
[Result "0-1"]
[WhiteElo "2288"]
[BlackElo "2277"]
[PlyCount "94"]
[EventDate "2007.06.02"]
[EventType "swiss"]
[EventRounds "9"]
[EventCountry "RUS"]
[SourceTitle "EXT 2010"]
[Source "ChessBase"]
[SourceDate "2010.11.25"]
[SourceVersion "1"]
[SourceVersionDate "2010.11.25"]
[SourceQuality "1"]

1. e4 c5 2. Nf3 d6 3. d4 cxd4 4. Nxd4 Nf6 5. Nc3 a6 6. Bg5 e6 7. f4 Qb6 8. Nb3 Nbd7 9. Qf3 Qc7 10. Bd3 b5 11. 0-0 Be7 12. a3 0-0 13. Qh3 g6 14. Rae1 Nb6 15. e5 Ne8 16. Bh6 Ng7 17. Ne4 f5 18. Bxg7 Kxg7 19. exd6 Bxd6 20. Ng5 h6 21. Nxe6+ Bxe6 22. Rxe6 Rfe8 23. Rxe8 Rxe8 24. Qf3 Na4 25. Qf2 Nc5 26. Qd4+ Kh7 27. Kh1 Ne6 28. Qf2 Nxf4 29. Rd1 Nxd3 30. cxd3 Bxh2 31. Rc1 Qd6 32. Nd4 Qf4 33. Qc2 Re7 34. Nf3 Rc7 35. Qxc7+ Qxc7 36. Rxc7+ Bxc7 37. Kg1 Bb6+ 38. Kf1 g5 39. Ke2 g4 40. Nd2 Bd4 41. b3 Kg6 42. a4 h5 43. Nb1 Bb2 44. g3 f4 45. Kf2 Bd4+ 46. Kg2 f3+ 47. Kf1 h4 0-1

[Event "RUS-ch Higher League (Women) 57th"]
[Site "Smolensk"]
[Date "2007.06.03"]
[Round "2"]
[White "Shumilina, Alexandra"]
[Black "Lupik, Marina"]
[Result "1-0"]
[WhiteElo "2277"]
[BlackElo "2209"]
[PlyCount "71"]
[EventDate "2007.06.02"]
[EventType "swiss"]
[EventRounds "9"]
[EventCountry "RUS"]
[SourceTitle "EXT 2010"]
[Source "ChessBase"]
[SourceDate "2010.11.25"]
[SourceVersion "1"]
[SourceVersionDate "2010.11.25"]
[SourceQuality "1"]

1. e4 c6 2. d4 d5 3. e5 Bf5 4. c3 e6 5. Be3 Nd7 6. Qb3 Qc7 7. f4 Be7 8. Nf3 h5 9. Nbd2 a6 10. Be2 Nh6 11. h3 Bg6 12. Bf2 Nf5 13. g3 c5 14. 0-0 f6 15. a4 Bf7 16. Rfe1 fxe5 17. fxe5 c4 18. Qd1 g5 19. g4 hxg4 20. hxg4 Nh6 21. Nh2 0-0-0 22. b3 cxb3 23. Qxb3 Qb6 24. Qa2 Bg6 25. a5 Qa7 26. c4 Rdf8 27. Bf3 Be4 28. Nxe4 dxe4 29. Rxe4 Rh7 30. c5 Rhf7 31. Qxe6 Rxf3 32. Nxf3 Rxf3 33. Qxe7 Rf7 34. Qe8+ Kc7 35. e6 Nf6 36. Bg3# 1-0

[Event "Moscow op 03rd"]
[Site "Moscow"]
[Date "2007.01.31"]
[Round "5"]
[White "Shumilina, Alexandra"]
[Black "Yuferov, Sergey N"]
[Result "1/2-1/2"]
[WhiteElo "2277"]
[BlackElo "2407"]
[PlyCount "117"]
[EventDate "2007.01.27"]
[EventType "swiss"]
[EventRounds "9"]
[EventCountry "RUS"]
[SourceTitle "CBM 116 Extra"]
[Source "ChessBase"]
[SourceDate "2007.03.07"]
[SourceVersion "1"]
[SourceVersionDate "2007.03.07"]
[SourceQuality "1"]

1. d4 Nf6 2. c4 e6 3. Nc3 Bb4 4. Qc2 0-0 5. Bg5 c5 6. dxc5 Nc6 7. Nf3 Bxc5 8. a3 Nd4 9. Nxd4 Bxd4 10. e3 Qa5 11. exd4 Qxg5 12. Qd2 Qg6 13. Qd3 b6 14. Qxg6 hxg6 15. Nb5 Bb7 16. Nd6 Bc6 17. c5 bxc5 18. dxc5 a5 19. b3 Rfb8 20. Rb1 Bd5 21. b4 axb4 22. axb4 Ra2 23. Bc4 Bxc4 24. Nxc4 Nd5 25. 0-0 Rxb4 26. Ne5 Ra7 27. g3 g5 28. Rxb4 Nxb4 29. Rb1 Nc6 30. Nxc6 dxc6 31. Rb6 Rc7 32. h3 Kh7 33. Kg2 Kg6 34. Rb4 Kf5 35. Rd4 Ke5 36. Rd6 Ke4 37. g4 Kf4 38. Rd4+ Ke5 39. Rd6 Ke4 40. Kg3 e5 41. Rd8 Re7 42. Rd6 Rc7 43. Rd8 Re7 44. Rd6 Re6 45. Rd7 Rf6 46. Rd6 Rh6 47. Rd7 Rg6 48. Rd6 Rf6 49. Rd7 Rf3+ 50. Kg2 Rc3 51. Rxf7 Rxc5 52. Rxg7 Rd5 53. Rxg5 c5 54. Rg8 c4 55. Rc8 Rd4 56. Rc5 Kf4 57. Rc8 Ke4 58. Rc5 Kf4 59. Rc8 1/2-1/2

[Event "Moscow op 03rd"]
[Site "Moscow"]
[Date "2007.01.27"]
[Round "1"]
[White "Shumilina, Alexandra"]
[Black "Chebotarev, Oleg"]
[Result "1/2-1/2"]
[WhiteElo "2277"]
[BlackElo "2512"]
[PlyCount "130"]
[EventDate "2007.01.27"]
[EventType "swiss"]
[EventRounds "9"]
[EventCountry "RUS"]
[SourceTitle "CBM 116 Extra"]
[Source "ChessBase"]
[SourceDate "2007.03.07"]
[SourceVersion "1"]
[SourceVersionDate "2007.03.07"]
[SourceQuality "1"]

1. e4 e6 2. d3 c5 3. Nf3 Nc6 4. g3 Nge7 5. Bg2 g6 6. 0-0 Bg7 7. c3 0-0 8. Be3 d6 9. d4 cxd4 10. cxd4 d5 11. e5 Nf5 12. Qd2 Nxe3 13. Qxe3 f6 14. Nbd2 Qb6 15. exf6 Bxf6 16. Nb3 Bd7 17. Rac1 Rae8 18. Nc5 Bc8 19. b3 Qa5 20. Rc2 Nb4 21. Rd2 b6 22. Na4 Bd7 23. Nc3 Nc6 24. Rfd1 Qb4 25. Ne2 Bg7 26. h4 Ne7 27. Rc2 Nf5 28. Qc3 Qd6 29. Qc7 Rc8 30. Qxd6 Nxd6 31. Rdc1 a5 32. Rc7 Rfd8 33. Bh3 Nf5 34. Kg2 Rxc7 35. Rxc7 a4 36. Nf4 axb3 37. axb3 Nxd4 38. Nxd4 Bxd4 39. Rxd7 Rxd7 40. Bxe6+ Rf7 41. Bxd5 Kg7 42. Bxf7 Kxf7 43. Kf3 b5 44. Nd3 Ke6 45. Ke4 Bc3 46. g4 Kd6 47. f4 Ke6 48. Ne5 Kd6 49. Nd3 Ke6 50. f5+ gxf5+ 51. gxf5+ Kd6 52. h5 Bg7 53. Nf4 Bc3 54. Nd5 Bb2 55. b4 h6 56. Ne3 Bc3 57. Nc2 Ke7 58. Kd3 Be5 59. Ne3 Kf6 60. Ng4+ Kxf5 61. Nxh6+ Ke6 62. Ng4 Bd6 63. h6 Kf7 64. Kc3 Kg6 65. Ne3 Bxb4+ 1/2-1/2

[Event "RUS-ch U20 Girls"]
[Site "Nojabrsk"]
[Date "2005.03.12"]
[Round "11"]
[White "Dzhabrailova, Inara"]
[Black "Shumilina, Alexandra"]
[Result "1/2-1/2"]
[WhiteElo "2176"]
[BlackElo "2303"]
[PlyCount "141"]
[EventDate "2005.03.02"]
[EventType "tourn"]
[EventRounds "11"]
[EventCountry "RUS"]
[EventCategory "2"]
[SourceTitle "CBM 105 Extra"]
[Source "ChessBase"]
[SourceDate "2005.05.01"]
[SourceVersion "1"]
[SourceVersionDate "2005.05.01"]
[SourceQuality "1"]

1. e4 c5 2. Nf3 d6 3. d4 cxd4 4. Nxd4 Nf6 5. Nc3 a6 6. f4 e5 7. Nf3 Nbd7 8. a4 Be7 9. Bd3 0-0 10. 0-0 exf4 11. Kh1 Nh5 12. Nd4 g6 13. Nf5 Nc5 14. Nxe7+ Qxe7 15. Nd5 Qh4 16. Bxf4 Nxf4 17. Rxf4 Qg5 18. b4 Ne6 19. Rf6 Qe5 20. Qf1 Kg7 21. Re1 Bd7 22. Nb6 Qxf6 23. Qxf6+ Kxf6 24. Nxd7+ Ke7 25. Nxf8 Rxf8 26. c4 Kf6 27. Rd1 Ke5 28. Kg1 Rc8 29. Kf2 a5 30. Ke3 axb4 31. Rb1 Nc5 32. Rxb4 Ra8 33. Bc2 h5 34. Rb5 h4 35. Rb4 f5 36. exf5 gxf5 37. Rb1 Rg8 38. Kf3 Rg4 39. Re1+ Kf6 40. Rd1 Rxc4 41. Rxd6+ Ke5 42. Rd2 Rc3+ 43. Kf2 Ne6 44. Re2+ Kf6 45. Rd2 Ra3 46. Ke1 Nf4 47. Kf2 Ra2 48. Ke3 Ke5 49. g3 Ra3+ 50. Kf2 hxg3+ 51. hxg3 Nh5 52. Rd3 Ra2 53. Rd2 Kf6 54. Re2 Kg5 55. Bd1 Ra3 56. Re3 Ra2+ 57. Re2 Ra1 58. Rd2 Nf6 59. Bf3 Rb1 60. Re2 Rb4 61. a5 Nd7 62. Rc2 Ne5 63. Be2 Ng4+ 64. Bxg4 Kxg4 65. Ra2 Rc4 66. Kg2 Rb4 67. Kf2 Kg5 68. a6 bxa6 69. Rxa6 Rb2+ 70. Kf3 Rb3+ 71. Kf2 1/2-1/2

[Event "RUS-ch U20 Girls"]
[Site "Nojabrsk"]
[Date "2005.03.10"]
[Round "9"]
[White "Shumilina, Alexandra"]
[Black "Vasilevich, Irina"]
[Result "0-1"]
[WhiteElo "2303"]
[BlackElo "2292"]
[PlyCount "86"]
[EventDate "2005.03.02"]
[EventType "tourn"]
[EventRounds "11"]
[EventCountry "RUS"]
[EventCategory "2"]
[SourceTitle "CBM 105 Extra"]
[Source "ChessBase"]
[SourceDate "2005.05.01"]
[SourceVersion "1"]
[SourceVersionDate "2005.05.01"]
[SourceQuality "1"]

1. e4 c5 2. c3 d5 3. exd5 Qxd5 4. d4 e6 5. Nf3 Nf6 6. Be3 cxd4 7. cxd4 Nc6 8. Nc3 Qd6 9. a3 Be7 10. Bc4 0-0 11. 0-0 b6 12. Qe2 Bb7 13. Ba2 Rac8 14. Rad1 Na5 15. Bc1 Nd5 16. Nb5 Qb8 17. Ne5 Rcd8 18. Rfe1 a6 19. Nc3 Nxc3 20. bxc3 Bd6 21. Nxf7 Rxf7 22. Qxe6 Rdf8 23. Rd3 b5 24. Rh3 Bc8 25. Qxf7+ Rxf7 26. Re8+ Bf8 27. Bd5 Qd6 28. Bxf7+ Kxf7 29. Rxc8 Be7 30. Rf3+ Bf6 31. Rc5 Nc4 32. Bf4 Qe6 33. Be5 Kg8 34. h3 Bxe5 35. dxe5 h6 36. Rd3 Kh7 37. Rd4 Qe7 38. Rc6 Qxe5 39. Rd1 Qe2 40. Rf1 Nd2 41. Rc1 Ne4 42. Rf1 a5 43. Rc7 Qb2 0-1